Urbanization of Poverty and the Sustainable Development of Urban Areas in Chile
Fenomén urbanizácie a jeho vplyv, nielen na udržateľný hospodársky rozvoj v Čile. Stručná história procesu urbanizácie a bytovej politiky v Čile. Nelegálne osídlenia a uzavreté komunity, ako ochrana pred nebezpečnými prvkami, vznikajúcimi v slumoch. Analýza dôsledkov bytovej politiky a ďalších národ...
Gespeichert in:
| 1. Verfasser: | |
|---|---|
| Weitere Verfasser: | |
| Format: | Buchkapitel |
| Sprache: | Englisch |
| Schlagworte: | |
| Tags: |
Keine Tags, Fügen Sie das erste Tag hinzu!
|
MARC
| LEADER | 00000nla a2200000 4500 | ||
|---|---|---|---|
| 001 | 0236278 | ||
| 005 | 20250929120815.7 | ||
| 041 | 0 | |a eng | |
| 044 | |a RO | ||
| 245 | 1 | 0 | |a Urbanization of Poverty and the Sustainable Development of Urban Areas in Chile |c Barbora Janubová, Martin Grešš |
| 520 | |a Fenomén urbanizácie a jeho vplyv, nielen na udržateľný hospodársky rozvoj v Čile. Stručná história procesu urbanizácie a bytovej politiky v Čile. Nelegálne osídlenia a uzavreté komunity, ako ochrana pred nebezpečnými prvkami, vznikajúcimi v slumoch. Analýza dôsledkov bytovej politiky a ďalších národných stratégií, pomocou indexu udržateľnosti miest (Urban Sustainable Index). | ||
| 610 | 2 | 0 | |a mestá |
| 610 | 2 | 0 | |a urbanizácia |
| 610 | 2 | 0 | |a politika bytová |
| 610 | 2 | 0 | |a rozvoj trvalo udržateľný |
| 610 | 2 | 0 | |a chudoba |
| 610 | 2 | 0 | |a chudobní |
| 610 | 2 | 0 | |a Čile |
| 100 | 1 | |a Janubová, Barbora, 1991- | |
| 700 | 1 | |a Grešš, Martin, 1978- | |